000 01407pam a2200301 a 4500
001 2350736
003 OSt
005 20230703164334.0
008 830725s1983 dcua b 001 0 eng
010 _a 83015501
020 _a0844735345
020 _a0844735353 (pbk.)
040 _aDLC
_cDLC
_dDLC
043 _an-us---
082 0 0 _a338.973
_bSCH
245 0 0 _aMaking economic policy in Congress /
_cedited by Allen Schick.
260 _aWashington :
_bAmerican Enterprise Institute for Public Policy Research,
_cc1983.
300 _axii, 282 p. :
_bill. ;
_c23 cm.
440 0 _aAEI studies ;
_v391
440 0 _aStudies in political and social processes
504 _aIncludes bibliographical references and index.
505 0 _aCongress and the dilemma of economic policy / Lance T. Leloup -- Getting, using, and misusing economic information / Robert D. Reischauer -- Budget control in a redistributive environment / John W. Ellwood -- The politics of subtraction / Naomi Caiden -- Congress and redistribution / John Ferejohn -- The cry-and-sigh syndrome / Robert Pastor -- Tax policy / Catherine E. Rudder -- Making regulatory policy / Mark V. Nadel -- The distributive Congress / Allen Schick.
610 1 0 _aUnited States.
_bCongress.
651 0 _aUnited States
_xEconomic policy.
700 1 _aSchick, Allen.
906 _a7
_bcbc
_corignew
_d1
_eocip
_f19
_gy-gencatlg
942 _2ddc
_cBK
999 _c3526
_d3526